L'amore con gli "altri" /

সংরক্ষণ করুন:
গ্রন্থ-পঞ্জীর বিবরন
প্রধান লেখক: Fritzlaev, Johannes Kaleb Ezana : von (লেখক)
বিন্যাস: গ্রন্থ
ভাষা:ইতালিয়
প্রকাশিত: Torino : Dellavalle, c1971
মালা:Documentario del sesso ; 6
ট্যাগগুলো: ট্যাগ যুক্ত করুন
কোনো ট্যাগ নেই, প্রথমজন হিসাবে ট্যাগ করুন!

MARC

LEADER 00000nam a22000007i 4500
001 IT\ICCU\UBO\3456981
003 ItRI
005 20260115232315.0
008 080716s1971 it |||||| ||||| |||||c
040 |b ita  |c importazione bologna sebina 
041 7 |a ita  |2 ISO-639-2 
100 1 |a Fritzlaev, Johannes Kaleb Ezana : von  |0 IT\ICCU\UBOV\242113  |4 aut 
245 1 2 |a L'amore con gli "altri" /  |c Johannes Kaleb Ezanà von Fritzlaev. 
260 |a Torino :  |b Dellavalle,  |c c1971 
300 |a 173 p. ;  |c 19 cm. 
830 0 |a Documentario del sesso ;  |v 6  |0 IT\ICCU\CAG\2061886 
942 |2 ddc  |c BK  |n 0 
952 |0 0  |1 0  |4 0  |6 DOC_301_410000000000000_FRI  |7 0  |9 23910  |a BO  |b BO  |d 2026-01-15  |i 471  |l 0  |o DOC 301.41 FRI  |p BO471  |r 2026-01-15 23:23:15  |w 2026-01-15  |x [Sebina 5] [1 v.]  |y BK  |z 1 v. 
999 |c 20365  |d 20365